Territorial disputes and their resolution : the case of Ecuador and Peru /

Bibliographic Details
Main Author: Simmons, Beth A., 1958-
Corporate Author: United States Institute of Peace
Format: Government Document Book
Language:English
Published: Washington, DC (1200 17th St., NW, Washington 20036) : U.S. Institute of Peace, [1999]
Series:Peaceworks ; no. 27.
Subjects:
Online Access:https://purl.fdlp.gov/GPO/LPS7738

MARC

Tag First Indicator Second Indicator Subfields
LEADER 00000cam a2200000 a 4500
001 in00000004484
008 990604s1999 dcub b f000 0 eng d
005 20230309222525.9
035 |a (OCoLC)ocm41484479 
035 |a (OCoLC)41484479 
035 |9 AJH1928AM 
035 |a in00000004484 
040 |a XLM  |c XLM  |d GPO  |d YYP  |d GPO  |d DLC  |d MvI  |d UtOrBLW 
043 |a s-ec---  |a s-pe--- 
049 |a UDOC 
074 |a 1063-K-11 
074 |a 1063-K-11 (online) 
086 0 |a Y 3.P 31:19/NO.27 
090 |a F3451.B75  |b S56 1999 
100 1 |a Simmons, Beth A.,  |d 1958- 
245 1 0 |a Territorial disputes and their resolution :  |b the case of Ecuador and Peru /  |c Beth A. Simmons. 
264 1 |a Washington, DC (1200 17th St., NW, Washington 20036) :  |b U.S. Institute of Peace,  |c [1999] 
300 |a xi, 37 pages :  |b map ;  |c 28 cm. 
336 |a text  |b txt  |2 rdacontent 
337 |a unmediated  |b n  |2 rdamedia 
338 |a volume  |b nc  |2 rdacarrier 
490 1 |a Peaceworks ;  |v no. 27 
500 |a Cover title. 
500 |a Shipping list number: 1999-0230-P. 
500 |a "First published April 1999"--Title page verso. 
500 |a Shipping list number: 99-0230-P. 
504 |a Includes bibliographical references. 
530 |a Also available via Internet from the United States Institute of Peace web site. Address as of 7/12/99: http://www.usip.org/pubs/pworks/pwks27/pwks27.html ; current access is available via PURL. 
651 0 |a Ecuador  |x Boundaries  |z Peru. 
651 0 |a Peru  |x Boundaries  |z Ecuador. 
650 0 |a Ecuador-Peru Conflict, 1995. 
710 2 |a United States Institute of Peace. 
830 0 |a Peaceworks ;  |v no. 27. 
856 4 1 |u https://purl.fdlp.gov/GPO/LPS7738  |t 0 
999 |a MARS 
999 f f |i e13e8d3a-38b1-37a9-a689-9a10839a4f59  |s a2afcf72-a377-3bde-bbb3-fcd787d150c3  |t 0 
952 f f |p normal  |a Texas A&M University  |b College Station  |c Sterling C. Evans Library  |d Evans: US Documents (Annex 5th floor)  |t 0  |e Y 3.P 31:19/NO.27  |h Superintendent of Documents classification  |i unmediated -- volume  |m A14824506724 
952 f f |a Texas A&M University  |b College Station  |c Electronic Resources  |d Available Online  |t 0  |e Y 3.P 31:19/NO.27  |h Superintendent of Documents classification 
998 f f |a Y 3.P 31:19/NO.27  |t 0  |l Available Online 
998 f f |a Y 3.P 31:19/NO.27  |t 0  |l Evans: US Documents (Annex 5th floor)